000
00293nam a22001337a 4500
008
181004b xxu||||| |||| 00| 0 eng d
020
_a
9780521379489
041
_a
eng
080
_a
321
100
_a
21
101
_a
SHP
245
_a
The Radical Reformation
_c
Baylor,M.G
942
_2
udc
_c
BK
999
_c
48858
_d
48858